[Event "Amager CC-ch B"]
[Site "Amager"]
[Date "2008.03.22"]
[Round "1"]
[White "Pedersen, Claus"]
[Black "Christiansen, Peter1"]
[Result "1-0"]
[WhiteElo "1159"]
[BlackElo "1450"]
[PlyCount "39"]
[EventDate "2008.03.23"]
[EventType "tourn"]
[EventRounds "9"]
[EventCountry "DEN"]
[SourceTitle "EXT 2023"]
[Source "ChessBase"]
[SourceDate "2022.10.05"]
[SourceVersion "1"]
[SourceVersionDate "2022.10.05"]
[SourceQuality "1"]

1. e4 c5 2. c3 d6 3. d4 cxd4 4. cxd4 Nf6 5. Nc3 a6 6. Bf4 g6 7. Nf3 Bg7 8. Bc4 b5 9. Bb3 0-0 10. 0-0 Bb7 11. Re1 e6 12. Qc2 b4 13. e5 Bxf3 14. gxf3 Nh5 15. Ne2 Nxf4 16. Nxf4 Qg5+ 17. Ng2 dxe5 18. dxe5 Bxe5 19. Qe4 Bxh2+ 20. Kxh2 1-0

[Event "Amager CC-ch B"]
[Site "Amager"]
[Date "2008.03.19"]
[Round "3"]
[White "Pedersen, Claus"]
[Black "Larsen, Julie"]
[Result "1-0"]
[WhiteElo "1159"]
[BlackElo "1011"]
[PlyCount "59"]
[EventDate "2008.03.23"]
[EventType "tourn"]
[EventRounds "9"]
[EventCountry "DEN"]
[SourceTitle "EXT 2023"]
[Source "ChessBase"]
[SourceDate "2022.10.05"]
[SourceVersion "1"]
[SourceVersionDate "2022.10.05"]
[SourceQuality "1"]

1. e4 e5 2. c3 Nf6 3. Qc2 d5 4. exd5 Nxd5 5. g3 Nc6 6. Bg2 Nf6 7. Ne2 Bc5 8. 0-0 0-0 9. Rd1 Nd5 10. b4 Bb6 11. b5 Qf6 12. Rf1 Nce7 13. c4 Nb4 14. Qb3 Bc5 15. a3 Bb6 16. Qxb4 e4 17. Bb2 Qf5 18. Qxe7 Bc5 19. Qxc7 Re8 20. Nd4 Bb6 21. Nxf5 Bxc7 22. Nxg7 Rf8 23. Bxe4 f6 24. Nh5 Bh3 25. Re1 Kh8 26. Nxf6 Bb6 27. Nd7+ Kg8 28. Bd5+ Rf7 29. Nxb6 h6 30. Nxa8 1-0

[Event "Amager Guld B"]
[Site "Amager"]
[Date "2007.11.27"]
[Round "4"]
[White "Pedersen, Claus"]
[Black "Larsen, Kim"]
[Result "1/2-1/2"]
[WhiteElo "1193"]
[BlackElo "1513"]
[PlyCount "92"]
[EventDate "2007.10.23"]
[EventType "tourn"]
[EventRounds "5"]
[EventCountry "DEN"]
[SourceTitle "EXT 2023"]
[Source "ChessBase"]
[SourceDate "2022.10.05"]
[SourceVersion "1"]
[SourceVersionDate "2022.10.05"]
[SourceQuality "1"]

1. e4 c5 2. c3 e5 3. Nf3 Nc6 4. Bc4 Be7 5. d3 d6 6. h3 Bf6 7. 0-0 Nge7 8. Be3 Be6 9. Bxe6 fxe6 10. Ng5 Bxg5 11. Bxg5 0-0 12. Qg4 Qd7 13. Nd2 Ng6 14. g3 Rf7 15. Rae1 Raf8 16. h4 b5 17. h5 Nh8 18. Re3 b4 19. cxb4 Nxb4 20. Nc4 Nxa2 21. f4 exf4 22. gxf4 Nb4 23. Ref3 Nc2 24. R3f2 Nd4 25. Ne3 a5 26. f5 exf5 27. exf5 a4 28. f6 Qxg4+ 29. Nxg4 h6 30. fxg7 Rxf2 31. gxf8Q+ Rxf8 32. Rxf8+ Kxf8 33. Bxh6+ Kf7 34. Kf2 Nf5 35. Bg5 Kg7 36. Kf3 Nf7 37. Kf4 N5h6 38. Nxh6 Nxh6 39. Be7 Nf7 40. Kf5 Ne5 41. Bxd6 Nxd3 42. Be5+ Kh6 43. Bc3 Kxh5 44. Ke4 c4 45. Kd4 Kg4 46. Kxc4 Nxb2+ 1/2-1/2

[Event "Amager CC-ch"]
[Site "Amager"]
[Date "2006.04.04"]
[Round "8"]
[White "Lunding, Peter M"]
[Black "Pedersen, Claus"]
[Result "1-0"]
[WhiteElo "1927"]
[BlackElo "1170"]
[PlyCount "23"]
[EventDate "2006.01.10"]
[EventType "swiss"]
[EventRounds "9"]
[EventCountry "DEN"]
[SourceTitle "EXT 2023"]
[Source "ChessBase"]
[SourceDate "2022.10.05"]
[SourceVersion "1"]
[SourceVersionDate "2022.10.05"]
[SourceQuality "1"]

1. d4 b6 2. e4 Bb7 3. Bd3 g6 4. Nf3 Bg7 5. Qe2 e6 6. Nc3 Ne7 7. Bg5 f6 8. Bh4 d6 9. 0-0-0 Nd7 10. e5 f5 11. exd6 cxd6 12. Qxe6 1-0

[Event "Amager CC-ch"]
[Site "Amager"]
[Date "2006.02.14"]
[Round "4"]
[White "Gade, Jens"]
[Black "Pedersen, Claus"]
[Result "0-1"]
[WhiteElo "1462"]
[BlackElo "1170"]
[PlyCount "26"]
[EventDate "2006.01.10"]
[EventType "swiss"]
[EventRounds "9"]
[EventCountry "DEN"]
[SourceTitle "EXT 2023"]
[Source "ChessBase"]
[SourceDate "2022.10.05"]
[SourceVersion "1"]
[SourceVersionDate "2022.10.05"]
[SourceQuality "1"]

1. f4 d5 2. Nf3 Bf5 3. e3 Nc6 4. Be2 Nf6 5. 0-0 e6 6. a3 Bd6 7. h3 Qe7 8. b4 e5 9. fxe5 Nxe5 10. Nxe5 Qxe5 11. d4 Qh2+ 12. Kf2 Bg3+ 13. Kf3 Be4# 0-1

[Event "Amager CC-ch"]
[Site "Amager"]
[Date "2006.01.31"]
[Round "3"]
[White "Larsen, Ulrik Jejlskov"]
[Black "Pedersen, Claus"]
[Result "1-0"]
[WhiteElo "1692"]
[BlackElo "1170"]
[PlyCount "41"]
[EventDate "2006.01.10"]
[EventType "swiss"]
[EventRounds "9"]
[EventCountry "DEN"]
[SourceTitle "EXT 2023"]
[Source "ChessBase"]
[SourceDate "2022.10.05"]
[SourceVersion "1"]
[SourceVersionDate "2022.10.05"]
[SourceQuality "1"]

1. d4 b6 2. Nf3 Bb7 3. Bf4 Nf6 4. h3 e6 5. e3 Be7 6. Nbd2 0-0 7. Bd3 c5 8. Qe2 cxd4 9. exd4 d6 10. 0-0-0 Nbd7 11. Rde1 Re8 12. Ng5 Nf8 13. f3 Nd5 14. Nxe6 Nxe6 15. Qe4 g6 16. Bh6 f5 17. Qxe6+ Kh8 18. Qf7 Rg8 19. Bc4 Qe8 20. Bxd5 Bxd5 21. Qxd5 1-0